| 000 | 01391cam a22004097a 4500 | ||
|---|---|---|---|
| 001 | 595 | ||
| 005 | 20230620162511.0 | ||
| 008 | 150306r20112010nyu j 000 1 eng d | ||
| 020 | _a9780545253956 (pbk.) | ||
| 020 | _a0545253950 (pbk.) | ||
| 020 | _a9781448756384 (Paw Prints) | ||
| 020 | _a1448756383 (Paw Prints) | ||
| 040 |
_aBTCTA _beng _cBTCTA _dBKX _dTEF _dSINLB _dCGB _dAU@ _dQS4 _dOCLCQ _dBDX _dOCLCO _dDLC _dFISKH |
||
| 050 | 0 | 0 |
_aPZ7.M59433 _bZi 2011 |
| 082 | 0 | 4 |
_a[Fic] _222 |
| 100 | 1 | _aMiles, Ellen. | |
| 245 | 1 | 0 |
_aZiggy / _cEllen Miles. |
| 260 |
_aNew York : _bScholastic, _c2010. |
||
| 300 |
_a83 pages ; _c20 cm. |
||
| 490 | 1 | _aThe puppy place | |
| 490 | 1 | _aLittle apple | |
| 500 | _a"Where every puppy finds a home"--Cover. | ||
| 505 | _aH | ||
| 520 | _aCharles and his family foster the dachshund puppy Ziggy until they find him an owner, but when Ziggy runs away, Charles is determined to find him. | ||
| 521 | 0 |
_a520
_bLexile |
|
| 521 | 1 |
_aH
_bRaz-Plus |
|
| 650 | 0 |
_aPuppies _vJuvenile fiction. |
|
| 650 | 0 |
_aDog rescue _vJuvenile fiction. |
|
| 650 | 1 |
_aDogs _vFiction. |
|
| 650 | 1 |
_aDog rescue _vFiction. |
|
| 650 | 7 |
_aDogs _vFiction. _2sears |
|
| 650 | 7 |
_aAnimal babies _vFiction. _2sears |
|
| 650 | 7 |
_aAnimal babies _vJuvenile fiction. _2sears |
|
| 655 | 0 | _aChildren's stories. | |
| 906 |
_a7 _bcbc _ccopycat _d2 _encip _f20 _gy-gencatlg |
||
| 942 |
_2ddc _cBK _n0 |
||
| 999 |
_c595 _d595 |
||